PREFACES TO SHAKESPEARE (Record no. 366274)

MARC details
000 -LEADER
fixed length control field 00367nam a2200145Ia 4500
008 - FIXED-LENGTH DATA ELEMENTS--GENERAL INFORMATION
fixed length control field 100122s9999 xx 000 0 und d
082 ## - DEWEY DECIMAL CLASSIFICATION NUMBER
Item number 20228
Classification number 822.33
100 ## - MAIN ENTRY--PERSONAL NAME
Personal name BARKER H G
245 ## - TITLE STATEMENT
Title PREFACES TO SHAKESPEARE
260 ## - PUBLICATION, DISTRIBUTION, ETC. (IMPRINT)
Name of publisher, distributor, etc BIT BATSFORD LTD
Date of publication, distribution, etc 1960
300 ## - PHYSICAL DESCRIPTION
Extent 310
630 ## - SUBJECT ADDED ENTRY--UNIFORM TITLE
Uniform title PREFACES TO SHAKESPEARE
730 ## - ADDED ENTRY--UNIFORM TITLE
Uniform title PREFACES TO SHAKESPEARE
942 ## - ADDED ENTRY ELEMENTS (KOHA)
Koha item type Book
Holdings
Withdrawn status Lost status Damaged status Not for loan Home library Current library Date acquired Cost, normal purchase price Total Checkouts Full call number Barcode Date last seen Cost, replacement price Price effective from Koha item type Public note
        S.V. Pathak Library, Vile Parle S.V. Pathak Library, Vile Parle 05/25/1974 10.00   20228 SVPPARLE-20228 01/25/2010 10.00 01/25/2010 Book "BUNDLE- N, , General, NA"